00403pab a2200145 454500008004000000100002400040245005700064260000900121300001300130362001100143650002400154650002800178650001700206773003400223180718b2009 xxu||||| |||| 00| 0 eng d aDash, Satya Prakash aDisplacement and resettlement management in Thailand c2009 ap.23-26. a21 Nov aRefugees - Thailand aResettlement - Thailand aResettlement aEconomic and Political Weekly